非暴力溝通的對話練習 : (Record no. 7700)

MARC details
000 -LEADER
fixed length control field 01341cam a2200361 i 4500
001 - CONTROL NUMBER
control field 1204903
003 - CONTROL NUMBER IDENTIFIER
control field YEEZEN
005 - DATE AND TIME OF LATEST TRANSACTION
control field 20260311135335.0
008 - FIXED-LENGTH DATA ELEMENTS--GENERAL INFORMATION
fixed length control field 241206s2024 ch g b 000 0 chi d
020 ## - INTERNATIONAL STANDARD BOOK NUMBER
International Standard Book Number 9789570874495
Qualifying information (平裝) :
Terms of availability NT$360
040 ## - CATALOGING SOURCE
Original cataloging agency TWTNM
Language of cataloging chi
Transcribing agency TWTNM
041 1# - LANGUAGE CODE
Language code of text/sound track or separate title chi
Language code of original eng
042 ## - AUTHENTICATION CODE
Authentication code nbic
084 ## - OTHER CLASSIFICATION NUMBER
Classification number 177.1
Number source ncsclt
090 ## - LOCALLY ASSIGNED LC-TYPE CALL NUMBER (OCLC); LOCAL CALL NUMBER (RLIN)
Classification number (OCLC) (R) ; Classification number, CALL (RLIN) (NR) 177.1
Local cutter number (OCLC) ; Book number/undivided call number, CALL (RLIN) 5042
100 1# - MAIN ENTRY--PERSONAL NAME
Personal name 拉薩特
Fuller form of name (Lasater, Judith Hanson)
245 10 - TITLE STATEMENT
Title 非暴力溝通的對話練習 :
Remainder of title 放下指責或成見,善用5種情境對話,有效找出彼此的需要 /
Statement of responsibility, etc. 茱迪絲.韓森.拉薩特(Judith Hanson Lasater), 艾克.K.拉薩特(Ike K. Lasater)著 ; 王念慈譯
246 30 - VARYING FORM OF TITLE
Title proper/short title 放下指責或成見,善用5種情境對話,有效找出彼此的需要
246 30 - VARYING FORM OF TITLE
Title proper/short title 放下指責或成見,善用五種情境對話,有效找出彼此的需要
250 ## - EDITION STATEMENT
Edition statement 初版
260 ## - PUBLICATION, DISTRIBUTION, ETC.
Place of publication, distribution, etc. 新北市 :
Name of publisher, distributor, etc. 聯經出版 :
Date of publication, distribution, etc. 2024.08
Name of publisher, distributor, etc. 聯合發行總經銷
300 ## - PHYSICAL DESCRIPTION
Extent 216面 ;
Dimensions 21公分
490 1# - SERIES STATEMENT
Series statement 心靈漫步
504 ## - BIBLIOGRAPHY, ETC. NOTE
Bibliography, etc. note 參考書目: 面212-216.
650 #7 - SUBJECT ADDED ENTRY--TOPICAL TERM
Topical term or geographic name entry element 人際傳播
Source of heading or term lcstt.
650 #7 - SUBJECT ADDED ENTRY--TOPICAL TERM
Topical term or geographic name entry element 溝通技巧
Source of heading or term lcstt.
650 #7 - SUBJECT ADDED ENTRY--TOPICAL TERM
Topical term or geographic name entry element 說話藝術
Source of heading or term lcstt.
700 1# - ADDED ENTRY--PERSONAL NAME
Personal name 拉薩特
Fuller form of name (Lasater, Ike K.)
700 1# - ADDED ENTRY--PERSONAL NAME
Personal name 王念慈
765 0# - ORIGINAL LANGUAGE ENTRY
Title What we say matters : Practicing nonviolent communication.
830 #0 - SERIES ADDED ENTRY--UNIFORM TITLE
Uniform title 心靈漫步
942 ## - ADDED ENTRY ELEMENTS (KOHA)
Source of classification or shelving scheme 中文圖書分類法
Koha item type 一般圖書
Holdings
撤銷狀態 遺失狀態 分類號來源 損壞狀態 不外借 永久館藏地 現在館藏地 書架位置 採購日期 全部借出 完整索書號 條碼號 還書日 最後一次日期記錄 Date last checked out 一般價格有效日期 Koha館藏類型 公開資訊
未註銷館藏 未遺失 中文圖書分類法 未損毀 可外借 怡仁綜合醫院圖書館 怡仁綜合醫院圖書館   2026-03-11 1 177.1 C03283 2026-04-24 2026-04-10 2026-04-10 2026-03-11 一般圖書 ──全球超過數百萬人都在用的說話方式── 馬歇爾•盧森堡博士的門生親授 唯有理解雙方的感受與需要,才能站在同理的角度說話, 一套真正避免衝突、減少情緒勒索的溝通法。 ★本書精彩特色★ ▍邀請美國非暴力溝通中心認證培訓師──鄺麗君老師,協助審訂本書。 ▍書中提供「輔助句型」,可在溝通時直接套用,適合新手使用。 ▍每章結束都附有實作,方便和同伴一起練習。
怡仁醫院| 地址:32643桃園市楊梅區楊新北路321巷30號 | 服務專線:03-4855566 | 電子郵件信箱:
Copyright © 1996 CHC Hospital